[Event "Challenge"]
[Site "http://www.queenalice.com/game.php?id=1640466"]
[Date "2021.1.19"]
[Round "-"]
[White "adsymil"]
[Black "squarsh"]
[Result "1-0"]
[WhiteElo "2171"]
[BlackElo "1907"]

1. d4 d5 2. Nf3 Nf6 3. e3 Bf5 4. c4 c6 5. Nc3 e6 6. Be2 Nbd7 7. O-O Bd6 8. c5
Bc7 9. h3 O-O 10. Nh4 Be4 11. f3 Bg6 12. Nxg6 fxg6 13. Bd2 e5 14. b4 Qe7 15. Be1
exd4 16. exd4 Nh5 17. Bd2 Qh4 18. f4 Nxf4 19. Bg4 Nf6 20. Bxf4 Bxf4 21. Rxf4 Qg3
22. Rf3 Qc7 23. Be6+ Kh8 24. Qd2 Rae8 25. Re1 1-0

[Event "Challenge"]
[Site "http://www.queenalice.com/game.php?id=1640468"]
[Date "2021.1.19"]
[Round "-"]
[White "squarsh"]
[Black "adsymil"]
[Result "0-1"]
[WhiteElo "1913"]
[BlackElo "2167"]

1. e4 c5 2. Bc4 Nc6 3. f4 a6 4. a3 b5 5. Ba2 Bb7 6. d3 e6 7. Nf3 Bd6 8. O-O Nge7
9. c3 O-O 10. Be3 Bc7 11. Bxc5 Bxf4 12. Nbd2 d6 13. Bf2 Rc8 14. Qe2 Ng6 15. Rae1
Re8 16. Nb3 Nce5 17. Kh1 Ng4 18. Bg1 Nf6 19. Ng5 Bxg5 0-1

[Event "AUTO-ADV-4487"]
[Site "http://www.queenalice.com/game.php?id=1650200"]
[Date "2021.4.20"]
[Round "1"]
[White "carlitomontana93270"]
[Black "squarsh"]
[Result "0-1"]
[WhiteElo "1819"]
[BlackElo "1902"]

1. c4 c6 2. d4 d5 3. cxd5 Qxd5 4. Nc3 Qa5 5. e3 Nf6 6. Nf3 Bf5 7. Be2 e6 8. O-O
Bd6 9. Bd2 Qc7 10. e4 Nxe4 11. Nxe4 Bxe4 12. Ne5 Bxe5 13. dxe5 Qxe5 14. Bc3 Qg5
15. Bf3 Bd5 16. Bd2 Qe7 17. Be2 Nd7 18. Bc3 f6 19. Bh5+ g6 20. Be2 O-O-O 21. Qd4
Kb8 22. Rfd1 Ne5 23. f4 Bc4 24. Qf2 Bxe2 25. Qxe2 Nf7 26. Rxd8+ Rxd8 27. Rd1 Rd5
28. b3 Qd6 29. Rxd5 exd5 30. Qe8+ Nd8 31. g3 Kc7 32. Qh8 Qc5+ 33. Kg2 Qxc3 34.
Qxh7+ Kb6 35. Qe7 Qc2+ 36. Kh3 Qf5+ 37. Kg2 Qe4+ 38. Qxe4 dxe4 39. Kf2 f5 40.
Ke3 Ne6 41. a3 a5 0-1

[Event "AUTO-ADV-4487"]
[Site "http://www.queenalice.com/game.php?id=1650201"]
[Date "2021.4.20"]
[Round "1"]
[White "squarsh"]
[Black "carlitomontana93270"]
[Result "0-1"]
[WhiteElo "1917"]
[BlackElo "1875"]

1. e4 c5 2. Bc4 e6 3. a3 d6 4. f4 Be7 5. Nf3 Nf6 6. d3 O-O 7. O-O Bd7 8. Kh1 a6
9. Be3 Nc6 10. c3 b5 11. Ba2 h6 12. Nbd2 Nh7 13. Qc2 f5 14. e5 dxe5 15. Nxe5
Nxe5 16. fxe5 Ng5 17. Nf3 Nxf3 18. gxf3 Qc7 19. Bf4 Qb7 20. Qg2 g5 21. Bd2 Kg7
22. Rg1 Bc6 23. Raf1 Kf7 24. Qh3 Rh8 25. Qxf5+ Ke8 26. Bxe6 Rf8 27. Qg6+ Kd8 28.
Bg4 Bxf3+ 29. Bxf3 Rxf3 30. Qe4 Qxe4 31. dxe4 Rxf1 32. Rxf1 Kd7 33. Be1 Ke6 34.
Bg3 Rd8 35. Rf2 Rd1+ 36. Kg2 c4 37. Re2 Bc5 38. h3 h5 39. Kf3 Rf1+ 40. Kg2 Rg1+
41. Kh2 h4 42. Bf2 Bxf2 43. Rxf2 Re1 44. Rf6+ Kxe5 45. Rxa6 Re2+ 46. Kg1 Rxb2
47. Ra5 Kxe4 48. a4 bxa4 49. Rxa4 Kd3 50. Ra5 Kxc3 51. Rxg5 Rb3 52. Rg4 Rb4 53.
Rxh4 Kb3 54. Kf1 Kb2 55. Re4 Kb3 56. Ke1 Ra4 57. Kd1 Ra1+ 58. Kd2 c3+ 0-1

[Event "AUTO-ADV-4487"]
[Site "http://www.queenalice.com/game.php?id=1650222"]
[Date "2021.4.20"]
[Round "1"]
[White "wiktormool"]
[Black "squarsh"]
[Result "0-1"]
[WhiteElo "1759"]
[BlackElo "1923"]

1. c4 c6 2. Nc3 Nf6 3. e4 e5 4. Nf3 d6 5. h3 h6 6. Qb3 Qc7 7. d3 Be6 8. Be3 Be7
9. Rc1 Nbd7 10. Be2 O-O-O 11. a4 Kb8 12. Na2 g5 13. Nb4 Ka8 14. Ra1 g4 15. hxg4
Nxg4 16. d4 Nxe3 17. Qxe3 d5 18. c5 dxe4 19. Nd2 exd4 20. Qxe4 Bxc5 21. Nc2 Nf6
22. Qf3 Qe5 23. Kf1 Rdg8 24. Re1 Qg5 25. Ne4 Nxe4 26. Qxe4 Bd5 0-1

[Event "AUTO-ADV-4487"]
[Site "http://www.queenalice.com/game.php?id=1650223"]
[Date "2021.4.20"]
[Round "1"]
[White "squarsh"]
[Black "wiktormool"]
[Result "1-0"]
[WhiteElo "1896"]
[BlackElo "1770"]

1. e4 c5 2. Bc4 e6 3. a3 Nc6 4. f4 g6 5. c3 Nf6 6. d3 d5 7. exd5 Nxd5 8. Nf3 Bh6
9. Bxd5 Qxd5 10. O-O Bd7 11. Be3 Bg7 12. Qc2 e5 13. Nbd2 Bf5 14. Ne1 O-O-O 15.
c4 Qd6 16. Ne4 Bxe4 17. dxe4 Bh6 18. Qf2 Nd4 19. Nf3 Nxf3+ 20. Qxf3 exf4 21.
Bxf4 Bxf4 22. Qxf4 Qd4+ 23. Kh1 Rhf8 24. b3 f5 25. Rae1 Rde8 26. e5 Qb2 27. Qe3
b6 28. e6 Qxb3 29. Qxb3 1-0

[Event "Challenge"]
[Site "http://www.queenalice.com/game.php?id=1715658"]
[Date "2021.4.26"]
[Round "-"]
[White "adsymil"]
[Black "squarsh"]
[Result "1-0"]
[WhiteElo "2175"]
[BlackElo "1899"]

1. e4 d5 2. exd5 Qxd5 3. Nc3 Qa5 4. Nf3 c6 5. d4 Nf6 6. Bc4 Bf5 7. O-O Qc7 8.
Ne5 e6 9. Bf4 Bd6 10. Re1 Nbd7 11. Qe2 Nb6 12. Bb3 O-O-O 13. Bg3 Nbd5 14. Nxd5
Nxd5 15. c4 Nf6 16. c5 Bxe5 17. Bxe5 Qe7 18. a4 Ne8 19. Bg3 Rxd4 20. Qe5 1-0

[Event "Challenge"]
[Site "http://www.queenalice.com/game.php?id=1715659"]
[Date "2021.4.26"]
[Round "-"]
[White "squarsh"]
[Black "adsymil"]
[Result "0-1"]
[WhiteElo "1894"]
[BlackElo "2179"]

1. e4 c5 2. Bc4 Nc6 3. f4 d6 4. a3 Nf6 5. d3 e6 6. Nf3 a6 7. O-O d5 8. exd5 exd5
9. Ba2 Be7 10. Kh1 O-O 11. Be3 Bg4 12. c3 Bd6 13. Qc1 Re8 14. Bg1 Qc7 15. Be3
Ne7 16. Ng5 Nf5 17. Bg1 Be2 18. Re1 Bxf4 19. Qc2 Bh5 20. Nf3 Rxe1 21. Nxe1 Re8
22. Nd2 Re2 23. Rd1 Qe7 24. Qb1 Bxd2 25. Nf3 Rxg2 26. Rxd2 Bxf3 27. Rxg2 Qe2 0-1

[Event "Challenge"]
[Site "http://www.queenalice.com/game.php?id=1761582"]
[Date "2021.6.7"]
[Round "-"]
[White "adsymil"]
[Black "squarsh"]
[Result "1-0"]
[WhiteElo "2182"]
[BlackElo "1947"]

1. d4 d5 2. Nf3 Nf6 3. e3 Bf5 4. c4 dxc4 5. Bxc4 e6 6. O-O Bd6 7. Nc3 c6 8. a3
Nbd7 9. Re1 O-O 10. e4 Bg4 11. e5 Nd5 12. exd6 N7f6 13. Nxd5 exd5 14. Bd3 Qxd6
15. Bc2 Rae8 16. Rf1 b6 17. Qd3 Qd7 18. Ne5 Qc8 19. Bf4 c5 20. Nxg4 1-0

[Event "Challenge"]
[Site "http://www.queenalice.com/game.php?id=1761583"]
[Date "2021.6.7"]
[Round "-"]
[White "squarsh"]
[Black "adsymil"]
[Result "1/2-1/2"]
[WhiteElo "1940"]
[BlackElo "2187"]

1. e4 c5 2. Bc4 Nc6 3. f4 e6 4. c3 Na5 5. Bb5 a6 6. Ba4 b5 7. Bc2 Bb7 8. d3 Nf6
9. Nf3 c4 10. O-O Be7 11. Kh1 O-O 12. Be3 cxd3 13. Bxd3 Nxe4 14. Qc2 Nf6 15.
Nbd2 h6 16. Rad1 Nd5 17. Rde1 Rc8 18. Qb1 Nxe3 19. Rxe3 Qc7 20. Nd4 Ba8 21. Be4
Nb7 22. N2f3 Bc5 23. Ne5 d6 24. Ng4 d5 25. Bd3 Nd6 26. Rg3 Bxd4 27. cxd4 f5 28.
Nxh6+ Kh8 29. Rh3 gxh6 30. Rxh6+ Kg7 31. Rxe6 Qd7 32. Qe1 Ne4 33. Re5 Rh8 34.
Bxe4 dxe4 35. Qg3+ Kf7 36. Qg5 Rcg8 37. Rxf5+ Ke8 38. Re5+ Kf7 39. Rf5+ 1/2-1/2

[Event "Challenge"]
[Site "http://www.queenalice.com/game.php?id=1765954"]
[Date "2021.8.2"]
[Round "-"]
[White "adsymil"]
[Black "squarsh"]
[Result "1-0"]
[WhiteElo "2180"]
[BlackElo "1910"]

1. d4 d5 2. Nf3 Nf6 3. e3 Bf5 4. c4 dxc4 5. Bxc4 e6 6. Nc3 c6 7. O-O Bd6 8. Re1
Qc7 9. e4 Bg4 10. e5 Nd5 11. exd6 Qxd6 12. Nxd5 cxd5 13. Bb5+ Nc6 14. Qb3 O-O
15. Bd2 Rfb8 16. Qe3 Bxf3 17. Bxc6 bxc6 18. Qxf3 Rxb2 19. Bf4 Qb4 20. Red1 Qc4
21. a3 Rc8 22. Rac1 Qb5 23. Bd6 a5 24. Be5 f6 25. Qg4 Kf7 26. Bd6 g6 27. Re1 Re8
28. Qf3 Rb3 29. Qf4 Qd3 30. Rxc6 g5 31. Qg4 Rb1 32. Qh5+ Qg6 33. Rc7+ 1-0

[Event "Challenge"]
[Site "http://www.queenalice.com/game.php?id=1765955"]
[Date "2021.8.2"]
[Round "-"]
[White "squarsh"]
[Black "adsymil"]
[Result "0-1"]
[WhiteElo "1905"]
[BlackElo "2184"]

1. e4 c5 2. Bc4 Nc6 3. a3 Nf6 4. d3 b6 5. c3 Bb7 6. f4 e6 7. Nf3 Rc8 8. O-O Be7
9. Kh1 O-O 10. Be3 d5 11. exd5 Nxd5 12. Bxd5 Qxd5 13. Qc2 Qf5 14. Nbd2 Bd6 15.
Ng5 Nd4 16. Bxd4 cxd4 17. Nde4 Be7 18. Rae1 Rfd8 19. Ng3 Qg6 20. N3e4 h6 21. Nf3
dxc3 22. bxc3 Qf5 23. Ne5 a5 24. g4 Qh7 25. Qg2 Ba8 26. Qb2 Rxd3 27. Nxd3 Bxe4+
28. Kg1 Bxd3 29. Rf3 Bc5+ 30. Rf2 Qg6 31. h3 Bc4 32. Kg2 Bxf2 33. Kxf2 Qd3 0-1

[Event "AUTO-ADV-4487"]
[Site "http://www.queenalice.com/game.php?id=1767021"]
[Date "2021.8.15"]
[Round "2"]
[White "clovis"]
[Black "squarsh"]
[Result "1-0"]
[WhiteElo "2117"]
[BlackElo "1926"]

1. e4 d5 2. exd5 Qxd5 3. Nc3 Qa5 4. d4 c6 5. Bc4 Nf6 6. Nf3 Bf5 7. O-O Qc7 8.
Ne5 e6 9. Bf4 Bd6 10. Re1 Nbd7 11. Nxd7 Bxf4 12. Nxf6+ gxf6 13. Qf3 Bxh2+ 14.
Kh1 Qf4 15. Qxf4 Bxf4 16. d5 O-O-O 17. dxe6 fxe6 18. Bxe6+ Bxe6 19. Rxe6 Be5 20.
Re7 Rd7 21. Rxd7 Kxd7 22. Ne4 b6 23. Rd1+ Ke7 24. b3 h6 25. g3 h5 26. Kg2 Rg8
27. c4 h4 28. Rh1 f5 29. Nd2 hxg3 30. Rh7+ Bg7 31. fxg3 Kd6 32. Nf3 a5 33. Nh4
Ke6 34. Kf3 Be5 35. Rh6+ Kd7 36. Nxf5 Kc7 37. Rxc6+ 1-0

[Event "AUTO-ADV-4487"]
[Site "http://www.queenalice.com/game.php?id=1767022"]
[Date "2021.8.15"]
[Round "2"]
[White "squarsh"]
[Black "clovis"]
[Result "0-1"]
[WhiteElo "1918"]
[BlackElo "2123"]

1. e4 e5 2. Bc4 Nf6 3. Nc3 Nxe4 4. Bxf7+ Kxf7 5. Nxe4 d5 6. Qf3+ Kg8 7. Nc3 Be6
8. d3 Nc6 9. Nge2 Nd4 10. Nxd4 exd4 11. Ne2 Bb4+ 12. c3 dxc3 13. bxc3 Ba5 14.
O-O Qf6 15. Qxf6 gxf6 16. Bb2 Kf7 17. Nd4 Rhg8 18. Nxe6 Kxe6 19. c4 dxc4 20.
dxc4 Rad8 21. Rfd1 Bb6 22. Re1+ Kf7 23. Rac1 Rd2 24. c5 Ba5 25. Bc3 Bxc3 26.
Rxc3 Rxa2 27. Rd3 Re8 28. Kf1 Rxe1+ 29. Kxe1 Ke6 30. Rb3 b6 31. cxb6 cxb6 32. g4
Kd6 33. h4 Kc5 34. Kf1 a5 35. Rf3 a4 0-1

[Event "AUTO-ADV-4487"]
[Site "http://www.queenalice.com/game.php?id=1767025"]
[Date "2021.8.15"]
[Round "2"]
[White "squarsh"]
[Black "BobFicha"]
[Result "0-1"]
[WhiteElo "1950"]
[BlackElo "1744"]

1. e4 e5 2. Bc4 Nf6 3. Nc3 Bb4 4. d3 Bxc3+ 5. bxc3 d6 6. f4 Bg4 7. Nf3 Qd7 8.
O-O Nc6 9. Be3 O-O 10. Qd2 Bxf3 11. gxf3 exf4 12. Bxf4 Rfe8 13. Kh1 Ne5 14. Bb3
Nc6 15. Rg1 g6 16. Bh6 Qh3 17. Raf1 Na5 18. Qg5 Nh5 19. Qxa5 b6 20. Qg5 Re5 21.
Qd2 a5 22. d4 Re7 23. Qg5 Rae8 24. Rg4 Qxf1+ 25. Rg1 Qxf3+ 0-1

[Event "AUTO-ADV-4487"]
[Site "http://www.queenalice.com/game.php?id=1767026"]
[Date "2021.8.15"]
[Round "2"]
[White "BobFicha"]
[Black "squarsh"]
[Result "1-0"]
[WhiteElo "1764"]
[BlackElo "1900"]

1. e4 d5 2. exd5 Qxd5 3. Nc3 Qa5 4. Nf3 c6 5. d4 Nf6 6. Bd2 Qc7 7. Bc4 Bf5 8.
Ng5 e6 9. h3 Nbd7 10. g4 Bg6 11. Qe2 e5 12. dxe5 Qxe5 13. Qxe5+ Nxe5 14. Bb3 h6
15. Nxf7 Nxf7 16. O-O-O O-O-O 17. Be6+ Kc7 18. Bf4+ Bd6 19. Bxd6+ Nxd6 20. f3
Rhe8 21. Bb3 Bf7 22. Bxf7 Nxf7 23. Rxd8 Rxd8 24. Re1 Nd6 25. Re7+ Rd7 26. Re5
Nf7 27. Re3 1-0

[Event "Challenge"]
[Site "http://www.queenalice.com/game.php?id=1772731"]
[Date "2021.10.20"]
[Round "-"]
[White "adsymil"]
[Black "squarsh"]
[Result "1-0"]
[WhiteElo "2191"]
[BlackElo "1875"]

1. d4 d5 2. Nf3 Nf6 3. e3 Bf5 4. c4 dxc4 5. Bxc4 e6 6. Nc3 c6 7. Nd2 Nbd7 8. O-O
Be7 9. h3 Nb6 10. Bb3 Qc7 11. Re1 O-O-O 12. e4 Bg6 13. Nf3 Kb8 14. Ne5 Bb4 15.
Bf4 Bd6 16. Nxg6 hxg6 17. Bxd6 Rxd6 18. e5 1-0

[Event "Challenge"]
[Site "http://www.queenalice.com/game.php?id=1772732"]
[Date "2021.10.20"]
[Round "-"]
[White "squarsh"]
[Black "adsymil"]
[Result "0-1"]
[WhiteElo "1879"]
[BlackElo "2188"]

1. e4 c5 2. Bc4 Nc6 3. a3 Nf6 4. d3 e6 5. f4 a6 6. c3 b5 7. Ba2 Be7 8. Nf3 Bb7
9. O-O O-O 10. Kh1 Qc7 11. Ng5 d5 12. e5 Nd7 13. Qg4 h6 14. Nxe6 fxe6 15. Qxe6+
Kh8 16. Bxd5 Ndxe5 17. Qh3 Rad8 18. f5 Rxd5 19. Bf4 Bd6 0-1